00705nam a2200241 a 4500001001300000003000900013005001700022008004100039020001000080082001600090100003100106245001600137260003400153300000900187500003500196505003600231650001900267700003100286902000800317942000700325952011600332999001500448nice12345678IN_TiNIC20260116011452.0050524s1902 kana grp 000 0 ara  ac10000a492.78bJAM aJami, Imaduddin Abdur Rahm aSharah Jami aKanpurbMatba-E-Razzaqic1902 a380p aincludes index and biblioraphy2 aarchive, 2 parts bound together aArabic-Grammar1 aJami, Imaduddin Abdur Rahm bSRS cBK 001040708StackRoom-aHMIbHMId2008-09-17g100.00l0o492.78 JAMp00215r2008-09-17v100.00w2005-05-24yBK c1820d1820